[Event "41st Nezhmetdinov Memorial 2019"]
[Site "Kazan"]
[Date "2019.06.04"]
[Round "5.2"]
[White "Timofeev, Artyom"]
[Black "Golubov, Saveliy"]
[Result "1/2-1/2"]
[WhiteElo "2602"]
[BlackElo "2460"]
[Annotator "TA"]
[PlyCount "85"]
[EventDate "2019.05.31"]
[EventType "swiss"]
[EventCountry "RUS"]
[SourceTitle "playchess.com"]
[Source "ChessBase"]
[SourceQuality "1"]

{[%evp 26,85,6,8,16,0,0,0,0,0,0,0,0,0,0,0,0,0,0,0,0,0,0,0,0,0,0,0,0,0,0,0,0,0,0,0,27,25,26,21,33,0,0,0,19,8,15,8,9,0,0,0,0,0,0,0,0,0,0,0,0,0]} 1. d4 Nf6 2. Bg5 e6 3. e3 d5 4. Nf3 Be7 5. c4 h6 6. Bxf6 Bxf6 7. Nc3 O-O 8. Rc1 c6 9. Be2 dxc4 10. Bxc4 Nd7 11. O-O e5 12. Ne4 exd4 13. Nxf6+ Nxf6 14. Nxd4 Qe7 {D55: Queen's Gambit Declined: 4 Bg5 Be7: Lines without ...h6 and 6...h6 7 Bxf6} 15. h3 {[#]} (15. Qb3 Rd8 16. Rfd1 Nd5 17. Be2 a5 18. a3 a4 19. Qc4 Nb6 20. Qc5 Qxc5 21. Rxc5 Bd7 22. h4 {1-0 (42) Ivanisevic,I (2573)-Fridman,D (2635) Neustadt an der Weinstrasse 2018}) 15... c5 $146 ({Predecessor:} 15... Bd7 16. Qe2 c5 17. Nb5 Bc6 18. Rfd1 a6 19. Nc3 Rad8 20. a4 Qe5 21. Rxd8 Rxd8 22. Rd1 {0-1 (42) Orlov,G (2475)-Baryshpolets,A (2533) ICC INT 2015}) 16. Nb5 Rd8 17. Qf3 Rd2 18. Qf4 {aiming for Nc7.} Be6 19. Bxe6 fxe6 20. Qe5 a6 21. Nc7 {[%mdl 64] [#] Double Attack} Rc8 22. Qxe6+ ({But not} 22. Nxe6 $2 Rd5 $19) 22... Qxe6 23. Nxe6 b6 24. b4 {[%cal Rb4c5]} Kf7 25. Nd4 $1 {[%mdl 64] [#] Pin} Rxa2 26. Nf5 {Nd6+ is the strong threat.} Rc7 27. Rfd1 Rd7 28. bxc5 Rxd1+ 29. Rxd1 bxc5 $11 {[%mdl 4096] Endgame KRN-KRN} 30. Rc1 Kg6 31. Nd6 Rd2 32. Nc4 Ra2 $1 33. Nd6 Rd2 $1 {[%cal Rd2d6] The position is equal.} 34. Nc4 Ra2 $1 35. Ne5+ {[%mdl 64] Discovered Attack} Kh7 36. Nd3 Ne4 37. f3 Ng3 $1 {[%cal Rg3e2] And now ...Ne2+ would win.} 38. Rxc5 Ra1+ 39. Kf2 Nh1+ 40. Ke2 Ng3+ 41. Kf2 Nh1+ 42. Ke2 Ng3+ 43. Kf2 {Accuracy: White = 66%, Black = 93%.} 1/2-1/2

[Event "41st Nezhmetdinov Memorial 2019"]
[Site "Kazan"]
[Date "2019.06.04"]
[Round "5.3"]
[White "Frolyanov, Dmitry"]
[Black "Belyakov, Bogdan"]
[Result "1/2-1/2"]
[WhiteElo "2538"]
[BlackElo "2483"]
[Annotator "RC"]
[PlyCount "80"]
[EventDate "2019.05.31"]
[EventType "swiss"]
[EventCountry "RUS"]
[SourceTitle "playchess.com"]
[Source "ChessBase"]
[SourceQuality "1"]
[TimeControl "5400+30"]

1. e4 {[%emt 0:00:00]} e5 {[%emt 0:00:00]} 2. Bc4 {[%emt 0:00:00]} Nc6 {[%emt 0:00:00]} 3. d3 {[%emt 0:00:00]} Nf6 {[%emt 0:01:19]} 4. Nc3 {[%emt 0:00:01]} Na5 {[%emt 0:00:12]} 5. Nge2 {[%emt 0:00:07]} Bc5 {[%emt 0:01:03]} 6. h3 {[%emt 0:11:27]} Nxc4 {[%emt 0:06:35]} 7. dxc4 {[%emt 0:00:06]} d6 {[%emt 0:00:13]} 8. Qd3 {[%emt 0:01:25]} Be6 {[%emt 0:01:09]} 9. b3 {[%emt 0:00:29]} Nd7 {[%emt 0:01:14]} 10. Be3 {[%emt 0:04:11]} a6 {[%emt 0:05:00]} 11. O-O {[%emt 0:01:17]} O-O {[%emt 0:01:59]} 12. Na4 {[%emt 0:07:03]} Bxe3 {[%emt 0:02:35]} 13. Qxe3 {[%emt 0:00:07]} b6 {[%emt 0:02:42]} 14. Nac3 {[%emt 0:02:39]} a5 {[%emt 0:03:17]} 15. a4 {[%emt 0:00:25]} Nc5 {[%emt 0:01:44]} 16. Rad1 {[%emt 0:02:18]} Qe7 {[%emt 0:09:14]} 17. Nd5 {[%emt 0:05:26]} Bxd5 {[%emt 0:00:52]} 18. cxd5 {[%emt 0:00:25]} Rae8 {[%emt 0:12:23]} 19. Ng3 {[%emt 0:04:49]} g6 {[%emt 0:00:51]} 20. Rde1 {[%emt 0:00:26]} Qh4 {[%emt 0:05:32]} 21. Qf3 {[%emt 0:12:05]} Qf4 {[%emt 0:05:13]} 22. Re3 {[%emt 0:00:23]} Qxf3 {[%emt 0:01:39]} 23. Rxf3 {[%emt 0:00:06]} h5 {[%emt 0:03:43]} 24. h4 {[%emt 0:00:45]} Kg7 {[%emt 0:00:37]} 25. Re1 {[%emt 0:00:13]} Rb8 {[%emt 0:02:00]} 26. Rfe3 {[%emt 0:03:09]} Kf6 {[%emt 0:00:34]} 27. Ne2 {[%emt 0:00:47]} Ke7 {[%emt 0:05:19]} 28. Nc3 {[%emt 0:02:54]} Kd7 {[%emt 0:00:15]} 29. g3 {[%emt 0:02:22]} f5 {[%emt 0:02:58]} 30. exf5 {[%emt 0:00:07]} gxf5 {[%emt 0:00:06]} 31. f4 {[%emt 0:01:24]} e4 {[%emt 0:00:53]} 32. Nb5 {[%emt 0:05:48]} Rbc8 {[%emt 0:01:04]} 33. Rd1 {[%emt 0:02:34]} Ke7 {[%emt 0:06:59]} 34. Kf2 {[%emt 0:00:19]} Kf6 {[%emt 0:00:10]} 35. Rd4 {[%emt 0:02:58]} Ke7 {[%emt 0:02:08]} 36. Rd1 {[%emt 0:00:19]} Kf6 {[%emt 0:00:06]} 37. Rd4 {[%emt 0:00:05]} Ke7 {[%emt 0:00:05]} 38. Rd1 {[%emt 0:00:05]} Kf6 {[%emt 0:00:15]} 39. Rd4 {[%emt 0:00:03]} Ke7 {[%emt 0:00:02]} 40. Rd1 {[%emt 0:00:07]} Kf6 1/2-1/2

[Event "41st Nezhmetdinov Memorial 2019"]
[Site "Kazan"]
[Date "2019.06.04"]
[Round "5.4"]
[White "Yeletsky, Ivan"]
[Black "Iljiushenok, Ilia"]
[Result "1-0"]
[WhiteElo "2438"]
[BlackElo "2549"]
[Annotator "RC"]
[PlyCount "67"]
[EventDate "2019.05.31"]
[EventType "swiss"]
[EventCountry "RUS"]
[SourceTitle "playchess.com"]
[Source "ChessBase"]
[SourceQuality "1"]
[TimeControl "5400+30"]

1. e4 {[%emt 0:00:47]} c5 {[%emt 0:03:48]} 2. Nc3 {[%emt 0:00:42]} a6 {[%emt 0:03:07]} 3. Nge2 {[%emt 0:01:02]} e6 {[%emt 0:01:46]} 4. g3 {[%emt 0:01:49]} b5 {[%emt 0:02:52]} 5. d4 {[%emt 0:02:57]} cxd4 {[%emt 0:00:51]} 6. Nxd4 {[%emt 0:00:12]} Bb7 {[%emt 0:01:32]} 7. Bg2 {[%emt 0:01:21]} b4 {[%emt 0:15:02]} 8. Na4 {[%emt 0:03:21]} Nf6 {[%emt 0:01:26]} 9. c4 {[%emt 0:05:47]} Bxe4 {[%emt 0:08:06]} 10. Bxe4 {[%emt 0:00:14]} Nxe4 {[%emt 0:00:02]} 11. Qf3 {[%emt 0:13:20]} f5 {[%emt 0:03:14]} 12. g4 {[%emt 0:07:46]} Qf6 {[%emt 0:06:20]} 13. Be3 {[%emt 0:00:46]} g6 {[%emt 0:03:25]} 14. O-O-O {[%emt 0:02:44]} Bg7 {[%emt 0:13:05]} 15. gxf5 {[%emt 0:03:11]} gxf5 {[%emt 0:00:27]} 16. Rhg1 {[%emt 0:04:04]} O-O {[%emt 0:00:44]} 17. Ne2 {[%emt 0:07:17]} Nc6 {[%emt 0:10:15]} 18. Nf4 {[%emt 0:12:53]} Ne5 {[%emt 0:02:24]} 19. Qe2 {[%emt 0:02:22]} Qh4 {[%emt 0:09:43]} 20. Nh5 {[%emt 0:03:43]} Ng6 {[%emt 0:00:18]} 21. Nxg7 {[%emt 0:06:02]} Kxg7 {[%emt 0:00:01]} 22. Nb6 {[%emt 0:03:39]} Rad8 {[%emt 0:00:13]} 23. f3 {[%emt 0:01:16]} Qh5 {[%emt 0:05:09]} 24. Nxd7 {[%emt 0:01:54]} Rfe8 {[%emt 0:01:37]} 25. Qf1 {[%emt 0:07:18]} Re7 {[%emt 0:00:37]} 26. Ne5 {[%emt 0:00:37]} Rxd1+ {[%emt 0:01:30]} 27. Qxd1 {[%emt 0:00:08]} Nf6 {[%emt 0:03:06]} 28. Qd6 {[%emt 0:01:10]} Ng8 {[%emt 0:00:16]} 29. Bd4 {[%emt 0:02:00]} Qh6+ {[%emt 0:02:19]} 30. Kb1 {[%emt 0:00:12]} Kf8 {[%emt 0:00:06]} 31. Qd8+ {[%emt 0:01:05]} Re8 {[%emt 0:00:07]} 32. Qd6+ {[%emt 0:01:15]} Re7 {[%emt 0:00:15]} 33. Bc5 {[%emt 0:00:46]} Kg7 {[%emt 0:01:00]} 34. Qd4 {[%emt 0:00:33]} 1-0

[Event "41st Nezhmetdinov Memorial 2019"]
[Site "Kazan"]
[Date "2019.06.04"]
[Round "5.5"]
[White "Faizrakhmanov, Ramil"]
[Black "Khanin, Semen"]
[Result "1-0"]
[WhiteElo "2421"]
[BlackElo "2529"]
[Annotator "RC"]
[PlyCount "187"]
[EventDate "2019.05.31"]
[EventType "swiss"]
[EventCountry "RUS"]
[SourceTitle "playchess.com"]
[Source "ChessBase"]
[SourceQuality "1"]
[TimeControl "5400+30"]

1. d4 {[%emt 0:00:00]} Nf6 {[%emt 0:00:00]} 2. c4 {[%emt 0:00:00]} e6 {[%emt 0:00:00]} 3. Nf3 {[%emt 0:00:45]} Bb4+ {[%emt 0:00:03]} 4. Bd2 {[%emt 0:00:44]} Bxd2+ {[%emt 0:00:05]} 5. Qxd2 {[%emt 0:01:42]} O-O {[%emt 0:00:07]} 6. Nc3 {[%emt 0:00:55]} d5 {[%emt 0:00:06]} 7. e3 {[%emt 0:01:28]} Qe7 {[%emt 0:00:05]} 8. cxd5 {[%emt 0:06:01]} exd5 {[%emt 0:00:42]} 9. Bd3 {[%emt 0:00:24]} c6 {[%emt 0:03:07]} 10. Qc2 {[%emt 0:02:17]} Nbd7 {[%emt 0:02:26]} 11. O-O {[%emt 0:02:49]} Re8 {[%emt 0:01:11]} 12. Nd2 {[%emt 0:10:50]} Nf8 {[%emt 0:20:56]} 13. h3 {[%emt 0:03:49]} Ne6 {[%emt 0:01:48]} 14. Nf3 {[%emt 0:01:12]} g6 {[%emt 0:02:48]} 15. a3 {[%emt 0:05:56]} Ng7 {[%emt 0:02:58]} 16. b4 {[%emt 0:01:43]} Bf5 {[%emt 0:06:29]} 17. b5 {[%emt 0:06:29]} cxb5 {[%emt 0:08:59]} 18. Bxf5 {[%emt 0:00:42]} Nxf5 {[%emt 0:00:06]} 19. Nxb5 {[%emt 0:00:10]} Rac8 {[%emt 0:02:37]} 20. Qd3 {[%emt 0:03:51]} Ne4 {[%emt 0:07:17]} 21. Nxa7 {[%emt 0:06:00]} Rc3 {[%emt 0:00:40]} 22. Qb1 {[%emt 0:00:57]} Ng5 {[%emt 0:15:25]} 23. Nxg5 {[%emt 0:14:27]} Qxg5 {[%emt 0:00:04]} 24. Qd1 {[%emt 0:01:01]} Re4 {[%emt 0:03:11]} 25. Kh2 {[%emt 0:01:08]} Nh4 {[%emt 0:03:58]} 26. Rg1 {[%emt 0:00:32]} Qf6 {[%emt 0:01:54]} 27. Qd2 {[%emt 0:02:07]} Rxa3 {[%emt 0:04:51]} 28. Rxa3 {[%emt 0:00:49]} Qd6+ {[%emt 0:00:02]} 29. Kh1 {[%emt 0:00:09]} Qxa3 {[%emt 0:00:03]} 30. Nb5 {[%emt 0:00:25]} Qb3 {[%emt 0:00:43]} 31. Nc3 {[%emt 0:02:18]} Re6 {[%emt 0:00:05]} 32. Rb1 {[%emt 0:01:23]} Qc4 {[%emt 0:00:02]} 33. Ne2 {[%emt 0:00:23]} Ra6 {[%emt 0:02:04]} 34. Rxb7 {[%emt 0:03:41]} Ra2 {[%emt 0:01:22]} 35. Rb2 {[%emt 0:00:15]} Ra1+ {[%emt 0:00:05]} 36. Kh2 {[%emt 0:00:18]} Qc7+ {[%emt 0:01:11]} 37. Ng3 {[%emt 0:01:03]} Nf5 {[%emt 0:01:25]} 38. Qc2 {[%emt 0:04:23]} Nxg3 {[%emt 0:00:11]} 39. fxg3 {[%emt 0:00:11]} Qxc2 {[%emt 0:04:15]} 40. Rxc2 {[%emt 0:00:01]} Re1 {[%emt 0:00:10]} 41. g4 {[%emt 0:02:30]} Rxe3 {[%emt 0:00:04]} 42. Rc5 {[%emt 0:00:06]} Kf8 {[%emt 0:01:35]} 43. Rxd5 {[%emt 0:01:05]} Ke7 {[%emt 0:00:07]} 44. Kg1 {[%emt 0:00:17]} Re4 {[%emt 0:03:06]} 45. Kf2 {[%emt 0:00:41]} Ke6 {[%emt 0:00:02]} 46. Rd8 {[%emt 0:00:13]} Ke7 {[%emt 0:00:01]} 47. Kf3 {[%emt 0:00:17]} f5 {[%emt 0:00:07]} 48. gxf5 {[%emt 0:01:15]} gxf5 {[%emt 0:00:02]} 49. Rh8 {[%emt 0:00:11]} Rxd4 {[%emt 0:00:02]} 50. Rxh7+ {[%emt 0:00:07]} Kf6 {[%emt 0:00:01]} 51. Rh8 {[%emt 0:01:09]} Rd3+ {[%emt 0:00:37]} 52. Ke2 {[%emt 0:00:37]} Ra3 {[%emt 0:00:09]} 53. Rd8 {[%emt 0:00:19]} Kg5 {[%emt 0:00:33]} 54. Rd3 {[%emt 0:00:34]} Ra1 {[%emt 0:01:26]} 55. Kf3 {[%emt 0:00:56]} Rf1+ {[%emt 0:00:28]} 56. Kg3 {[%emt 0:00:06]} f4+ {[%emt 0:01:40]} 57. Kh2 {[%emt 0:00:05]} Kf5 {[%emt 0:00:45]} 58. Ra3 {[%emt 0:01:47]} Ke4 {[%emt 0:01:20]} 59. Ra4+ {[%emt 0:00:16]} Kf5 {[%emt 0:00:15]} 60. Ra5+ {[%emt 0:00:47]} Ke4 {[%emt 0:01:15]} 61. Ra4+ {[%emt 0:00:31]} Kf5 {[%emt 0:00:04]} 62. Rb4 {[%emt 0:00:04]} Ke5 {[%emt 0:01:03]} 63. Rb5+ {[%emt 0:00:50]} Ke4 {[%emt 0:00:05]} 64. h4 {[%emt 0:00:10]} f3 {[%emt 0:02:01]} 65. Rb4+ {[%emt 0:00:07]} Kf5 {[%emt 0:00:30]} 66. g3 {[%emt 0:00:29]} Kg6 {[%emt 0:00:33]} 67. Rf4 {[%emt 0:02:54]} Kh5 {[%emt 0:00:02]} 68. Rf5+ {[%emt 0:00:13]} Kg6 {[%emt 0:00:04]} 69. Rf8 {[%emt 0:00:13]} Kh5 {[%emt 0:00:25]} 70. Rf4 {[%emt 0:00:09]} Kg6 {[%emt 0:02:29]} 71. Kh3 {[%emt 0:00:11]} Kh6 {[%emt 0:00:26]} 72. Kg4 {[%emt 0:00:11]} f2 {[%emt 0:00:06]} 73. Kh3 {[%emt 0:00:18]} Kh5 {[%emt 0:00:11]} 74. Kg2 {[%emt 0:00:20]} Ra1 {[%emt 0:00:19]} 75. Rxf2 {[%emt 0:00:16]} Ra4 {[%emt 0:00:03]} 76. Rf5+ {[%emt 0:00:13]} Kg6 {[%emt 0:00:02]} 77. Rb5 {[%emt 0:00:05]} Rc4 {[%emt 0:00:04]} 78. Kh3 {[%emt 0:00:25]} Ra4 {[%emt 0:00:06]} 79. Rb6+ {[%emt 0:00:22]} Kg7 {[%emt 0:00:08]} 80. h5 {[%emt 0:00:10]} Rc4 {[%emt 0:00:04]} 81. g4 {[%emt 0:00:11]} Ra4 {[%emt 0:00:02]} 82. Kh4 {[%emt 0:00:10]} Ra5 {[%emt 0:00:07]} 83. Rb7+ {[%emt 0:00:16]} Kh8 {[%emt 0:00:07]} 84. h6 {[%emt 0:00:26]} Ra4 {[%emt 0:00:44]} 85. Kh5 {[%emt 0:00:27]} Ra5+ {[%emt 0:00:21]} 86. g5 {[%emt 0:00:07]} Kg8 {[%emt 0:00:04]} 87. Re7 {[%emt 0:01:57]} Rb5 {[%emt 0:01:07]} 88. Kg6 {[%emt 0:00:53]} Rb8 {[%emt 0:00:07]} 89. Re5 {[%emt 0:03:15]} Rf8 {[%emt 0:00:20]} 90. Rb5 {[%emt 0:00:52]} Kh8 {[%emt 0:00:12]} 91. Kh5 {[%emt 0:00:12]} Kg8 {[%emt 0:00:32]} 92. g6 {[%emt 0:00:20]} Ra8 {[%emt 0:00:02]} 93. h7+ {[%emt 0:00:30]} Kh8 {[%emt 0:00:34]} 94. Kh6 {[%emt 0:00:07]} 1-0

[Event "41st Nezhmetdinov Memorial 2019"]
[Site "Kazan"]
[Date "2019.06.04"]
[Round "5.6"]
[White "Yudin, Sergei"]
[Black "Tokarev, Ilya"]
[Result "0-1"]
[WhiteElo "2507"]
[BlackElo "2318"]
[Annotator "RC"]
[PlyCount "62"]
[EventDate "2019.05.31"]
[EventType "swiss"]
[EventCountry "RUS"]
[SourceTitle "playchess.com"]
[Source "ChessBase"]
[SourceQuality "1"]
[TimeControl "5400+30"]

1. e4 {[%emt 0:00:00]} c6 {[%emt 0:00:00]} 2. d4 {[%emt 0:00:00]} d5 {[%emt 0:00:00]} 3. exd5 {[%emt 0:00:01]} cxd5 {[%emt 0:00:00]} 4. Bd3 {[%emt 0:00:04]} Nc6 {[%emt 0:00:05]} 5. c3 {[%emt 0:00:07]} Qc7 {[%emt 0:00:15]} 6. Ne2 {[%emt 0:03:17]} Bg4 {[%emt 0:00:35]} 7. O-O {[%emt 0:00:20]} Bh5 {[%emt 0:00:25]} 8. f4 {[%emt 0:05:22]} e6 {[%emt 0:05:57]} 9. Qe1 {[%emt 0:00:23]} Bd6 {[%emt 0:00:29]} 10. Ng3 {[%emt 0:01:17]} Nf6 {[%emt 0:00:26]} 11. Nxh5 {[%emt 0:00:19]} Nxh5 {[%emt 0:00:07]} 12. g3 {[%emt 0:00:14]} Nf6 {[%emt 0:00:09]} 13. Nd2 {[%emt 0:00:03]} h5 {[%emt 0:16:23]} 14. Nf3 {[%emt 0:02:57]} Kf8 {[%emt 0:00:41]} 15. Qe2 {[%emt 0:01:08]} Ne7 {[%emt 0:06:44]} 16. Bd2 {[%emt 0:05:02]} g6 {[%emt 0:01:55]} 17. b3 {[%emt 0:11:40]} Nf5 {[%emt 0:21:34]} 18. c4 {[%emt 0:03:57]} Kg7 {[%emt 0:05:35]} 19. Rac1 {[%emt 0:03:42]} Qd8 {[%emt 0:00:59]} 20. c5 {[%emt 0:00:26]} Bc7 {[%emt 0:00:35]} 21. Be1 {[%emt 0:01:42]} Ng4 {[%emt 0:08:08]} 22. Bc3 {[%emt 0:17:23]} h4 {[%emt 0:04:26]} 23. Nxh4 {[%emt 0:03:29]} Rxh4 {[%emt 0:00:11]} 24. gxh4 {[%emt 0:00:22]} Qxh4 {[%emt 0:01:18]} 25. Bxf5 {[%emt 0:05:33]} exf5 {[%emt 0:02:52]} 26. Be1 {[%emt 0:01:23]} Qh8 {[%emt 0:00:07]} 27. Bg3 {[%emt 0:01:01]} Re8 {[%emt 0:00:05]} 28. Qd3 {[%emt 0:06:45]} Re3 {[%emt 0:01:29]} 29. Qd2 {[%emt 0:00:17]} Ba5 {[%emt 0:04:44]} 30. Qb2 {[%emt 0:01:52]} Rd3 {[%emt 0:04:49]} 31. Be1 {[%emt 0:07:06]} Rd2 {[%emt 0:00:37]} 0-1

[Event "41st Nezhmetdinov Memorial 2019"]
[Site "Kazan"]
[Date "2019.06.04"]
[Round "5.7"]
[White "Rozum, Ivan"]
[Black "Smirnov, Timofey"]
[Result "1-0"]
[WhiteElo "2568"]
[BlackElo "2335"]
[Annotator "TA"]
[PlyCount "65"]
[EventDate "2019.05.31"]
[EventType "swiss"]
[EventCountry "RUS"]
[SourceTitle "playchess.com"]
[Source "ChessBase"]
[SourceQuality "1"]

{[%evp 16,71,0,0,5,-35,24,0,0,-3,3,0,5,-22,-25,-16,-15,-13,-37,-49,-12,-79,0,0,0,0,0,0,0,0,0,-46,-46,-59,0,0,-2,0,-7,-5,-6,-34,-3,-54,224,220,766,460,747,722,931,926,907,878,1110,1079,29991,29992]} 1. c4 c6 2. Nf3 d5 3. g3 Nf6 4. Bg2 Bf5 5. O-O e6 6. d4 h6 7. Nc3 Be7 8. Qb3 Qb6 9. c5 Qa6 {D11: Slav Defence: 3 Nf3 sidelines and 3...Nf6 4 e3 Bg4} 10. Nd2 (10. Re1 b6 11. Bf1 Qb7 12. Bf4 Nbd7 13. Nd2 O-O 14. e4 Nxe4 15. Ncxe4 Bxe4 16. Nxe4 dxe4 17. Rxe4 {½-½ (31) Nyzhnyk,I (2628)-Shimanov,A (2593) Saint Louis 2015}) 10... e5 $146 ({Black should try} 10... Bg6 $15) ({Predecessor:} 10... O-O 11. Re1 b6 12. Bf1 Qb7 13. e4 Bh7 14. exd5 cxd5 15. Nf3 Nc6 16. Na4 Be4 17. Rd1 {½-½ (66) Serafimov,T (2381)-Firat,B (2487) Izmir 2016}) 11. e4 exd4 {The position is equal.} 12. Nxd5 cxd5 13. exf5 O-O 14. Bxd5 Nxd5 15. Qxd5 Rd8 16. Qf3 Bxc5 17. Ne4 Bf8 18. g4 {[#]} (18. Bf4 $11 {keeps the balance.}) 18... Nc6 (18... Re8 $1 $17 19. Qg2 Nd7) 19. g5 $11 {Strongly threatening gxh6.} Ne5 20. Qg3 {gxh6 is the strong threat.} Nd3 21. Bd2 Re8 22. f3 {Threatens to win with gxh6.} Re5 23. f6 g6 $36 {[%mdl 2048] Black has the initiative.} 24. gxh6 Rh5 ({Black should play} 24... Rae8 $15) 25. f4 {Black must now prevent f5.} Nc5 26. h7+ {[%mdl 64] Decoy} Kxh7 27. Ng5+ $1 Kg8 28. b4 (28. f5 $5 {[%cal Rf5g6]} Qxf6 29. h4 $17) 28... Nd7 {Black wants to play ...d3.} 29. Qf3 (29. f5 $11 Qxf6 30. Ne4) 29... Nxf6 $2 {[%mdl 8192]} (29... Rd8 $15 {keeps the upper hand.} 30. Qd5 Qxf6) 30. Qb3 $18 Qb6 $2 (30... Ng4 31. Qxf7+ Kh8) 31. Qxf7+ {[%mdl 64] Double Attack} Kh8 32. Rae1 Bg7 {[#]} 33. Re6 {Played: Re1-e7} 1-0

[Event "41st Nezhmetdinov Memorial 2019"]
[Site "Kazan"]
[Date "2019.06.04"]
[Round "5.8"]
[White "Sarana, Alexey"]
[Black "Tunik, Gennady"]
[Result "1-0"]
[WhiteElo "2636"]
[BlackElo "2373"]
[Annotator "TA"]
[PlyCount "105"]
[EventDate "2019.05.31"]
[EventType "swiss"]
[EventCountry "RUS"]
[SourceTitle "playchess.com"]
[Source "ChessBase"]
[SourceQuality "1"]

{[%evp 17,105,25,27,28,34,35,35,33,28,30,38,10,39,23,14,8,20,0,0,0,-1,-20,-27,-18,-11,-20,-22,-33,46,33,27,10,66,75,125,118,120,119,104,104,104,102,125,116,93,78,139,100,104,76,66,23,157,159,159,164,309,171,224,0,269,237,271,261,259,261,240,84,79,91,82,75,62,62,80,67,129,192,157,114,1045,1045,5422,1040,1023,1023,993,993,5322,2972]} 1. d4 Nf6 2. c4 e6 3. Nf3 b6 4. a3 Ba6 5. Qc2 Bb7 6. Nc3 c5 7. e4 cxd4 8. Nxd4 Bc5 9. Nb3 Nc6 10. f3 {E12: Queen's Indian: Unusual White 4th moves, 4 a3, 4 Nc3 Bb7 5 a3 and 4 Nc3 Bb7} (10. Bf4 e5 11. Bg5 h6 12. Bh4 O-O 13. Bd3 Nd4 14. Nxd4 Bxd4 15. Nb5 Bc5 16. O-O Be7 17. Qe2 Re8 18. Bxf6 Bxf6 19. Nd6 Rf8 20. Nxb7 {½-½ (33) Dreev,A (2653)-Bacallao Alonso,Y (2594) Havana 2018}) 10... O-O 11. Nxc5 bxc5 12. Be3 {White is slightly better.} Qe7 13. Qf2 d6 14. Be2 e5 15. O-O (15. b4 $5 {[%cal Rb4c5]}) 15... a5 {[#]} 16. Bd3 $146 ({Predecessor:} 16. Nd5 Nxd5 17. exd5 Nd4 18. Bd3 Bc8 19. b4 axb4 20. axb4 Rxa1 21. Rxa1 cxb4 22. Bxd4 exd4 23. Qxd4 g6 24. Qb6 {½-½ (24) Szczepanski,Z (2524)-Wagner,R (2452) ICCF email 2015}) 16... Nd4 17. Rae1 Nh5 18. Nb5 a4 19. f4 (19. g4 {feels hotter.} Nf6 20. Qh4 h6 21. f4 Nxb5 22. cxb5 Rae8 23. Bb1) 19... Nxb5 20. cxb5 Nxf4 21. Bxf4 exf4 22. Qxf4 f6 (22... Bc8 $1 $15) 23. Bc4+ Kh8 24. Rd1 Rfd8 ({Black should play} 24... Rad8 $11) 25. Rd2 Rd7 26. Rfd1 $1 $36 {[%mdl 2048] Black is under strong pressure.} Rad8 27. b6 $1 {Black must now prevent Bb5.} Bc6 28. Qf5 Re8 29. Bd5 g6 30. Qf4 Bxd5 31. Rxd5 Red8 (31... g5 $142 32. Qf3 Kg7) 32. h4 Kg7 33. R1d3 Qe6 34. Kh2 h6 {[#]} (34... h5 $1 $11) 35. h5 $1 $16 {[%cal Rh5g6]} g5 36. Qf5 Qf7 (36... Qxf5 $142 37. exf5 Kg8) 37. Qg4 (37. Kg1 $142) 37... Qe7 $18 38. Qf5 {Threatens to win with Qg6+.} Qf7 $1 39. g4 Qe8 40. Kg3 ({But not} 40. Rf3 $6 Qf7 $16) 40... Qf7 41. Kf2 Kf8 42. Ke1 $2 (42. b3 $18 {is more deadly.}) 42... Ke7 $16 43. Kd2 Rb8 44. e5 {[%cal Rd5d6]} Rxb6 45. exf6+ Kd8 $1 46. Kc1 Kc7 ({Better is} 46... Qe8 $1 $14) 47. Re3 Rb3 48. Re1 Kc6 $2 {[%mdl 8192]} (48... Rg3 $16) 49. Re6 $18 {Hoping for Rxc5+.White is clearly winning.} Rb5 {[#]} 50. Qe4 $1 {[%mdl 512]} Kc7 {[#]} 51. Rdxd6 $1 {[%mdl 576] Deflection} Rxd6 52. Re7+ {[%mdl 64] Double Attack} Rd7 53. Rxf7 {Accuracy: White = 56%, Black = 48%.} 1-0